| 000 | 01143nam a2200217 a 4500 | ||
|---|---|---|---|
| 001 | 21813 | ||
| 003 | CO-ViMGA | ||
| 008 | 141112s2004 ck r 000 u spa d | ||
| 020 | _a9586903605 | ||
| 040 |
_aCO-ViMGA _bspa _cCO-ViMGA |
||
| 082 | 0 | 4 | _a343.0986 C157p |
| 100 | 1 |
_aCamargo, Pedro Pablo _922821 |
|
| 245 | 1 | 0 |
_aProhibición de la reforma en perjuicio y legalidad de la pena : _bNon reformatio in pejus como derecho fundamental |
| 260 |
_aBogotá : _bLeyer, _c2002 |
||
| 300 | _a203 | ||
| 505 | _aLa doble instancia penal como derecho fundamental 37 - - El derecho constitucional fundamental a la non reformatio in pejus 55 - - La consulta penal como medio de burla de la non reformatio in pejus 71 - - Defensa de la doble instancia penal por el comite de derchos humanos de las naciones unidas 167 - - La corte constitucional exige respeto a los fallos de tutela 189 | ||
| 590 | _aForma de adquisición : Donación fact. 8860 - - Precio : 15000 - - Proveedor : Fundación exito - - Fecha de adquisición : Julio 2007 | ||
| 650 | 1 | 4 | _aDERECHO PENAL - COLOMBIA |
| 650 | 1 | 4 |
_aPROCEDIMEINTO PENAL - COLOMBIA _931107 |
| 942 |
_2ddc _cBK |
||
| 999 |
_c30362 _d30362 |
||